[Event "Berlin op 08"]
[Site "Berlin"]
[Date "2005.08.28"]
[Round "4"]
[White "Chernova, Margarita"]
[Black "Horenk, Nils"]
[Result "0-1"]
[WhiteElo "1131"]
[BlackElo "1001"]
[PlyCount "118"]
[EventDate "2005.08.27"]
[EventType "swiss"]
[EventRounds "7"]
[EventCountry "GER"]
[SourceTitle "EXT 2007"]
[Source "ChessBase"]
[SourceDate "2006.11.23"]
[SourceVersion "1"]
[SourceVersionDate "2006.11.23"]
[SourceQuality "1"]

1. e4 e5 2. Nf3 Nc6 3. Bc4 Bc5 4. c3 Nf6 5. d4 exd4 6. cxd4 Bb4+ 7. Nc3 Bxc3+ 8. bxc3 Nxe4 9. d5 Na5 10. Qd4 Nd6 11. Qxg7 Rf8 12. Qe5+ Qe7 13. Qxe7+ Kxe7 14. Bd3 c6 15. Bh6 Rg8 16. Bxh7 Rxg2 17. Kf1 Rg4 18. Re1+ Kd8 19. Bg5+ Kc7 20. Rg1 Ra4 21. dxc6 bxc6 22. Ra1 Ba6+ 23. Kg2 Rh8 24. Bc2 Rg4+ 25. Kh1 Ne4 26. Bxe4 Rxe4 27. Bf6 Rh6 28. Bg7 Rg6 29. Rxg6 fxg6 30. h4 Nc4 31. Rg1 Rf4 32. Be5+ Nxe5 33. Nxe5 Rxh4+ 34. Kg2 Rh5 35. Nf3 g5 36. Rh1 Rxh1 37. Kxh1 g4 38. Ne5 d5 39. Nxg4 c5 40. f4 Bb7 41. Kg1 d4 42. cxd4 cxd4 43. Kf1 Kd6 44. f5 Ba6+ 45. Ke1 Bc8 46. f6 Bxg4 47. f7 Ke7 48. Kd2 Bf5 49. a4 a5 50. Kd1 Kxf7 51. Kd2 Ke6 52. Ke2 Kd5 53. Kd2 Kc4 54. Kd1 Kb4 55. Kd2 Kxa4 56. Kc1 Kb4 57. Kb2 a4 58. Kc1 a3 59. Kd2 a2 0-1